Investigation Electrical and Mechanical Properties of San/Pani/Flg's Nano Composites for EMI Shielding / (Record no. 534448)

000 -LEADER
fixed length control field 00553nam a22001577a 4500
020 ## - INTERNATIONAL STANDARD BOOK NUMBER
Qualifying information Hard Cover.
082 ## - DEWEY DECIMAL CLASSIFICATION NUMBER
Classification number 200
100 ## - MAIN ENTRY--PERSONAL NAME
Personal name Saboor Abdul
245 ## - TITLE STATEMENT
Title Investigation Electrical and Mechanical Properties of San/Pani/Flg's Nano Composites for EMI Shielding /
Statement of responsibility, etc. Abdul Saboor.
260 ## - PUBLICATION, DISTRIBUTION, ETC.
Place of publication, distribution, etc. Islamabad:
Name of publisher, distributor, etc. SCME - NUST,
Date of publication, distribution, etc. 2015.
300 ## - PHYSICAL DESCRIPTION
Extent 74 p. :
Other physical details ill. ;
Dimensions 30cm.
650 ## - SUBJECT ADDED ENTRY--TOPICAL TERM
Topical term or geographic name entry element MS-Material and Engineering
700 ## - ADDED ENTRY--PERSONAL NAME
Personal name Supervisor: Dr. Ahmad Nawaz Khan
942 ## - ADDED ENTRY ELEMENTS (KOHA)
Source of classification or shelving scheme
Koha item type Thesis
650 ## - SUBJECT ADDED ENTRY--TOPICAL TERM
-- 129451
700 ## - ADDED ENTRY--PERSONAL NAME
-- 129643
Holdings
Withdrawn status Lost status Source of classification or shelving scheme Damaged status Not for loan Permanent Location Current Location Shelving location Date acquired Full call number Barcode Date last seen Price effective from Koha item type
          Central Library (CL) Central Library (CL) Thesis 02/24/2020 200 CL-T-5192 02/24/2020 02/24/2020 Soft Copy
© 2023 Central Library, National University of Sciences and Technology. All Rights Reserved.